[Event "RSA-ch U18 Girls"]
[Site "Gauteng"]
[Date "2017.04.11"]
[Round "11"]
[White "De Kock, Lene"]
[Black "Badenhorst, Mandie"]
[Result "1-0"]
[WhiteElo "1412"]
[BlackElo "1107"]
[PlyCount "63"]
[EventDate "2017.04.05"]
[EventType "swiss"]
[EventRounds "11"]
[EventCountry "RSA"]
[SourceTitle "CBM 177 Extra"]
[Source "ChessBase"]
[SourceDate "2017.04.27"]
[SourceVersion "1"]
[SourceVersionDate "2017.04.27"]
[SourceQuality "1"]

1. e4 e6 2. d4 d5 3. Nc3 Bb4 4. a3 Ba5 5. Qg4 Qf6 6. exd5 Nh6 7. Bxh6 Qxh6 8. Bb5+ c6 9. dxc6 Nxc6 10. Nge2 0-0 11. Qf3 Bd7 12. 0-0 a6 13. Ba4 b5 14. Bb3 e5 15. dxe5 Nxe5 16. Qd5 Qe6 17. Qxa8 Rxa8 18. Bxe6 Bxe6 19. Rad1 Bf5 20. Rd5 f6 21. f4 Ng4 22. Rxf5 Ne3 23. Rh5 Nxf1 24. Kxf1 Rd8 25. Rd5 Re8 26. b4 Bc7 27. Rd7 Bb8 28. Nd5 Kf8 29. Nd4 Kg8 30. Nf5 h6 31. Rxg7+ Kh8 32. Nxf6 1-0

[Event "RSA-ch U18/20 Girls"]
[Site "Bloemfontein"]
[Date "2016.03.21"]
[Round "3"]
[White "Nuwegeld, Lucritia"]
[Black "De Kock, Lene"]
[Result "0-1"]
[WhiteElo "755"]
[BlackElo "1322"]
[PlyCount "31"]
[EventDate "2016.03.20"]
[EventType "swiss"]
[EventRounds "11"]
[EventCountry "RSA"]
[SourceTitle "CBM 171 Extra"]
[Source "ChessBase"]
[SourceDate "2016.04.26"]
[SourceVersion "1"]
[SourceVersionDate "2016.04.26"]
[SourceQuality "1"]

1. d4 Nf6 2. Nf3 g6 3. g3 Bg7 4. Nc3 0-0 5. Bg2 d6 6. 0-0 Bg4 7. Ng5 Nc6 8. Bxc6 bxc6 9. Bf4 Rb8 10. f3 Bc8 11. b4 Nh5 12. Be3 c5 13. g4 cxd4 14. Bxd4 e5 15. Bxa7 Qxg5 16. Bxb8 0-1

[Event "RSA-chT U18"]
[Site "Cape Town"]
[Date "2016.01.06"]
[Round "5.4"]
[White "De Kock, Lene"]
[Black "Du Toit, Brendan"]
[Result "0-1"]
[WhiteElo "1390"]
[BlackElo "1305"]
[PlyCount "48"]
[EventDate "2016.01.04"]
[EventType "team-tourn"]
[EventRounds "7"]
[EventCountry "RSA"]
[SourceTitle "CBM 170 Extra"]
[Source "ChessBase"]
[SourceDate "2016.02.25"]
[SourceVersion "1"]
[SourceVersionDate "2016.02.25"]
[SourceQuality "1"]
[WhiteTeam "Kenneth Kaunda"]
[BlackTeam "Tshwane"]
[WhiteTeamCountry "RSA"]
[BlackTeamCountry "RSA"]

1. e4 e5 2. Nf3 Nc6 3. Bb5 d6 4. 0-0 Nf6 5. Re1 Be7 6. d4 Bd7 7. c3 0-0 8. Nbd2 a6 9. Ba4 b5 10. Bb3 Bg4 11. d5 Na7 12. c4 bxc4 13. Nxc4 Nb5 14. Qd3 Nd7 15. Bc2 Bxf3 16. Qxf3 Nd4 17. Qc3 f5 18. exf5 Nxf5 19. Qh3 g6 20. Ne3 Nd4 21. Bd3 Bh4 22. Ng4 Nc5 23. Qe3 Nxd3 24. Qxd3 Nf5 0-1

[Event "RSA-chT U18"]
[Site "Cape Town"]
[Date "2016.01.04"]
[Round "1.4"]
[White "De Kock, Lene"]
[Black "King, Eduard Norman"]
[Result "1-0"]
[WhiteElo "1390"]
[BlackElo "1522"]
[PlyCount "60"]
[EventDate "2016.01.04"]
[EventType "team-tourn"]
[EventRounds "7"]
[EventCountry "RSA"]
[SourceTitle "CBM 170 Extra"]
[Source "ChessBase"]
[SourceDate "2016.02.25"]
[SourceVersion "1"]
[SourceVersionDate "2016.02.25"]
[SourceQuality "1"]
[WhiteTeam "Kenneth Kaunda"]
[BlackTeam "Johannesburg Metro"]
[WhiteTeamCountry "RSA"]
[BlackTeamCountry "RSA"]

1. e4 c6 2. d4 d5 3. e5 Bf5 4. Nc3 e6 5. f4 h6 6. g4 Qh4+ 7. Kd2 Qxg4 8. Qxg4 Bxg4 9. Bd3 Ne7 10. Nge2 Bf5 11. Ng3 Bxd3 12. Kxd3 Nd7 13. Nd1 c5 14. c3 Nc6 15. f5 0-0-0 16. a3 Be7 17. b4 cxd4 18. cxd4 Kb8 19. Bd2 a6 20. Nc3 Rc8 21. Na4 b5 22. Nc5 Bxc5 23. bxc5 Ncxe5+ 24. dxe5 Nxe5+ 25. Ke2 Nc4 26. Bc3 e5 27. a4 Rxc5 28. axb5 axb5 29. Rhc1 Rhc8 30. Ra6 Kb7 1-0